| 000 | 00855 a2200229 4500 | ||
|---|---|---|---|
| 010 | _aENG-85285 | ||
| 020 |
_c600.00 _a81893835017 |
||
| 035 | _aEN-68818 | ||
| 037 | _bD.B.Act / Pub | ||
| 082 | 1 | 4 | _a181.432 |
| 090 |
_c2198 _d2198 |
||
| 100 | 1 | _aKrishnaswami, O. R. | |
| 245 | 1 |
_aOpen your heart to god through bhakti yoga: yoga of devotion _cby O. R. Krishnaswami _bbased on the teaching of Sri Swami Satchidananda and other great masters |
|
| 260 |
_aDelhi _bDev Books _c2006 |
||
| 260 |
_aGibraltar _bIntegral Yoga Centre _c2006 |
||
| 270 |
_a11-B, Court Road _bDelhi _cDelhi _e110054 _mdevbooks@vsnl.net |
||
| 270 |
_a33, Town Range _bGibraltar |
||
| 300 |
_ax, 389 p. _c22 cm. (Hb) |
||
| 650 | _aIndian philosophy | ||
| 942 |
_adpl _cEN _k181.432 / KRI |
||
| 999 |
_c2158 _d2158 |
||